Things by Emojis - Random - Statistics

General Stats
  • This quiz has been taken 4,470 times
  • The average score is 12 of 20
Answer Stats
Emojis Category Answer % Correct
๐Ÿ“ฑ๐Ÿ’ป๐ŸŽ Company Apple
94%
๐Ÿ””๐ŸŒฎ๐ŸŒฏ Restaurant Taco Bell
93%
๐Ÿช๐ŸŽ„โ›„ Holiday Christmas
92%
๐ŸŽƒ๐Ÿฌ๐Ÿ‘ป Holiday Halloween
92%
๐ŸŽ‚๐ŸŽ‰๐ŸŽ Ceremony Birthday
91%
๐Ÿคก๐Ÿ”โ“‚๏ธ Restaurant McDonald's
91%
๐Ÿš–๐Ÿ—ฝ๐ŸŒ‡ Place New York City
90%
๐Ÿ—ผ๐Ÿฅ๐Ÿ‘จโ€๐ŸŽจ Place Paris
90%
๐Ÿฆ‡๐Ÿฆธโ€โ™‚๏ธ๐Ÿ’ฐ Character Batman
89%
๐Ÿ„๐Ÿ‘ธ๐Ÿ‘จโ€๐Ÿ”ง Video Game Super Mario
88%
๐Ÿฆƒ๐Ÿฒ๐Ÿ™ Holiday Thanksgiving
88%
๐Ÿฆ๐Ÿ‘‘๐Ÿ’ Movie The Lion King
88%
๐Ÿ‘ฐ๐Ÿ’–๐Ÿคต Ceremony Wedding
87%
๐ŸŒฝ๐ŸŽ๐Ÿ„ Occupation Farmer
85%
๐Ÿฃ๐Ÿฏ๐ŸŒธ Place Japan
85%
๐ŸŽฅ๐Ÿฟ๐ŸŽŸ๏ธ Building Movie Theater
85%
๐Ÿ•๐Ÿ›–๐Ÿ  Restaurant Pizza Hut
85%
๐ŸŽ๐Ÿ‘ผ๐ŸŒˆ Mythical Creature Unicorn
84%
๐Ÿงœโ€โ™€๏ธ๐Ÿ ๐Ÿ‘ธ Movie The Little Mermaid
83%
๐Ÿ”ซ๐ŸŒน๐Ÿง’ Band Guns N' Roses
82%
๐Ÿ‘จโ€๐Ÿ”ง๐Ÿšฝ๐Ÿ› Occupation Plumber
82%
๐Ÿ’Œ๐ŸŽฏ๐Ÿ‘ฉโ€โค๏ธโ€๐Ÿ‘จ Holiday Valentine's Day
82%
๐ŸŒŽ๐Ÿ†โšฝ Sporting Event World Cup
82%
๐ŸŽฐ๐Ÿƒ๐Ÿ’ต Building Casino
81%
๐Ÿงฅ๐Ÿ˜ญโšฐ๏ธ Ceremony Funeral
81%
๐Ÿ›๏ธ๐Ÿ’ช๐Ÿ… Sporting Event Olympics
81%
๐ŸŒŒ๐Ÿฅ›๐ŸŒ€ Space Milky Way
80%
๐Ÿ‘จโ€๐Ÿš€๐Ÿฅ‡๐ŸŒ™ Person Neil Armstrong
80%
๐ŸŒž๐Ÿช๐ŸŒต Biome Desert
79%
๐ŸŒŽ๐Ÿ“ˆ๐ŸŒก๏ธ Concept Global Warming
79%
๐Ÿ‘ป๐ŸŸก๐Ÿ’ Video Game Pac-Man
79%
๐Ÿ”๐Ÿ ๐Ÿฆ˜ Movie Finding Nemo
78%
๐Ÿ”ด๐Ÿ”ฅ๐ŸŒถ๏ธ Band Red Hot Chili Peppers
78%
๐Ÿฆˆ๐Ÿ˜จ๐Ÿด Movie Jaws
77%
โœ๏ธ๐Ÿ™๐Ÿฉธ Person Jesus Christ
77%
๐Ÿ’Žโ›๏ธโฌ› Video Game Minecraft
77%
๐Ÿง๐Ÿ’ต๐Ÿ  Tabletop Game Monopoly
77%
๐ŸŒŽ๐Ÿค๐Ÿ•Š๏ธ Concept World Peace
76%
๐ŸŒŸ๐Ÿ’ธโ˜• Restaurant Starbucks
75%
๐Ÿš—๐Ÿš€โšก Company Tesla
75%
๐Ÿง™โ€โ™‚๏ธโšก๐Ÿคบ Books Harry Potter
74%
๐ŸŽค๐ŸŽธ๐ŸŽผ Occupation Musician
74%
๐Ÿ”ฅ๐Ÿฆ๐Ÿ›๏ธ Mythical Creature Phoenix
74%
๐ŸŒฟ๐Ÿ†š๐ŸงŸ Video Game Plants vs. Zombies
73%
๐Ÿ’๐Ÿง™๐Ÿง Books The Lord of the Rings
73%
โ„๏ธโšช๐ŸŽ Movie Snow White
69%
๐Ÿง๐Ÿ‰๐Ÿง™โ€โ™‚๏ธ Tabletop Game Dungeons and Dragons
67%
๐Ÿš๐Ÿ›ข๏ธ๐Ÿช Company Royal Dutch Shell
67%
โ›ต๐Ÿงญ๐ŸŒŽ Person Christopher Columbus
65%
๐Ÿ’ชโ˜ข๐ŸŸข Character Hulk
65%
๐Ÿงน๐Ÿซ๐Ÿงฝ Occupation Janitor
65%
๐Ÿค๐Ÿ“ฎ๐Ÿšš Occupation Mail Man
65%
๐Ÿ›๏ธ๐Ÿบ๐ŸŽญ Place Greece
62%
๐Ÿƒโ€โ™‚๏ธ๐ŸŠโ€โ™‚๏ธ๐Ÿšดโ€โ™‚๏ธ Sporting Event Triathlon
62%
๐Ÿ‘ฟ๐Ÿ•๐Ÿ’€ Greek God Hades
61%
๐ŸŸฅ๐Ÿ‚๐Ÿฅค Company Red Bull
61%
โ„๏ธ๐Ÿงโ›„ Biome Tundra
60%
๐ŸชŸ๐Ÿ’ปโŒ Company Microsoft
58%
โญโš”๏ธ๐Ÿ‘ฝ Movie Star Wars
58%
๐Ÿ’ต๐Ÿ“‰๐Ÿ˜ญ Historical Event Great Depression
57%
๐Ÿ”ญ๐ŸŽ๐ŸŒˆ Person Isaac Newton
56%
๐ŸŽข๐Ÿด๓ ต๓ ณ๓ ด๓ ธ๓ ฟ6๏ธโƒฃ Company Six Flags
56%
๐Ÿ‘จโ€๐Ÿ”ฌ๐ŸŒŠ๐ŸŸ Occupation Marine Biologist
55%
๐Ÿš€โšฝ๐Ÿš— Video Game Rocket League
55%
๐ŸŽ๐Ÿง๐Ÿ›๏ธ Mythical Creature Centaur
53%
๐Ÿงธ๐Ÿค ๐Ÿ“š Movie Toy Story
53%
๐Ÿง๐Ÿ›๏ธ๐Ÿ‚ Mythical Creature Minotaur
52%
๐Ÿ›บ๐Ÿ›•๐Ÿง˜โ€โ™‚๏ธ Place India
51%
๐Ÿ”ฑ๐Ÿ‘ฆ๐Ÿ›๏ธ Books Percy Jackson
48%
โ˜ข๏ธ๐Ÿ‘ฉโ€๐Ÿ”ฌ๐Ÿ… Person Marie Curie
46%
โ“๐Ÿ—ก๏ธ๐Ÿ  Tabletop Game Clue
45%
โš’๏ธ๐Ÿ’ฐ๐Ÿ‘จโ€๐Ÿ‘ฉโ€๐Ÿ‘งโ€๐Ÿ‘ฆ Ideology Communism
45%
๐ŸŒถ๏ธ๐Ÿ‘ง๐Ÿ‘ง Band Spice Girls
44%
โšก๐Ÿช๐Ÿ“œ Person Benjamin Franklin
39%
๐Ÿ•ฐ๏ธโš™๏ธ๐Ÿฆ Object Cuckoo Clock
39%
๐Ÿฆ๐Ÿฆ…๐ŸŒ‘ Mythical Creature Griffin
39%
๐Ÿ›ผ๐Ÿชจโœ’๏ธ Band The Rolling Stones
38%
๐ŸŒ ๐Ÿšฟ๐Ÿš€ Space Meteor Shower
37%
๐Ÿƒ๐Ÿšซ1๏ธโƒฃ Tabletop Game Uno
37%
โ˜€๏ธ๐ŸŸข๐ŸŒผ Building Greenhouse
36%
๐ŸŽฏ๐ŸŒž๐Ÿ’Š Greek God Apollo
34%
๐Ÿƒโ€โ™‚๏ธโšก๐Ÿ‘ฎ T.V Show The Flash
33%
๐Ÿ‡๐Ÿฅ•๐Ÿ‘จโ€โš•๏ธ Character Bugs Bunny
32%
๐Ÿง™โ€โ™€๏ธ๐Ÿ˜ฑโ˜ ๏ธ Historical Event Salem Witch Trials
31%
๐Ÿง‘๐Ÿฟโ›“๏ธโš”๏ธ Historical Event American Civil War
29%
๐Ÿ”บ๐Ÿ ๐Ÿ–ผ Landmark Louvre
28%
โ›ต๐Ÿ—บ๏ธ๐Ÿ’ฐ Occupation Pirate
28%
๐Ÿ—บ๏ธ๐Ÿช–๐Ÿด Tabletop Game Risk
28%
๐Ÿ“˜๐Ÿ‘๐Ÿ’ป Company Facebook
27%
๐Ÿค‘๐ŸŽฎ๐Ÿ’ป Person Bill Gates
26%
๐Ÿ‘จโ€๐Ÿ‘จโ€๐Ÿ‘ฆโ€๐Ÿ‘ฆ ๐Ÿ”๐ŸŸ Restaurant Five Guys Burgers and Fries
22%
๐Ÿ”ฅ๐Ÿ”จโš™๏ธ Greek God Hephaestus
21%
๐Ÿ•š๐Ÿ”šโš”๏ธ Historical Event Armistice Day
20%
๐Ÿท๐ŸŒˆ๐ŸŒ• Band Pink Floyd
19%
โš™๏ธโœ๏ธ๐Ÿ“ Object Mechanical Pencil
18%
๐Ÿš€๐Ÿ“๐Ÿ™๏ธ Landmark Space Needle
16%
๐Ÿค“๐Ÿ’ฃ๐Ÿ”ฆ Person Albert Einstein
15%
โšก๐Ÿ๐ŸŸจ Character Pikachu
15%
๐ŸŒ•๐Ÿ›ก๏ธโ˜€๏ธ Space Eclipse
14%
๐Ÿƒโ€โ™‚๏ธ๐ŸŒ‘๐Ÿค  Character Indiana Jones
14%
๐Ÿ’๐Ÿ‘จโ€๐Ÿฆฑ๐Ÿ‰ Character Bilbo Baggins
8%
๐Ÿฆ๐Ÿ‘ฆ๐Ÿœ๏ธ Landmark Sphinx
8%
No matching quizzes found
Score Distribution
Percent of People with Each Score
Percentile by Number Answered
Your Score History
You have not taken this quiz